<?xml version="1.0" encoding="UTF-8"?>
<record
    xmlns:xsi="http://www.w3.org/2001/XMLSchema-instance"
    xsi:schemaLocation="http://www.loc.gov/MARC21/slim http://www.loc.gov/standards/marcxml/schema/MARC21slim.xsd"
    xmlns="http://www.loc.gov/MARC21/slim">

  <leader>01311nam a2200313 i 4500</leader>
  <controlfield tag="001">8837</controlfield>
  <controlfield tag="003">ES-MaACL</controlfield>
  <controlfield tag="005">20240506171050.0</controlfield>
  <controlfield tag="007">t|</controlfield>
  <controlfield tag="008">921005r19901930sp ah        |||| | spa d</controlfield>
  <datafield tag="020" ind1=" " ind2=" ">
    <subfield code="a">84-87111-07-6</subfield>
  </datafield>
  <datafield tag="080" ind1=" " ind2=" ">
    <subfield code="a">712.25(460)(091)</subfield>
  </datafield>
  <datafield tag="100" ind1="1" ind2=" ">
    <subfield code="a">Winthuysen, Javier de.</subfield>
    <subfield code="9">151128</subfield>
  </datafield>
  <datafield tag="245" ind1="1" ind2="0">
    <subfield code="a">Jardines cl&#xE1;sicos de Espa&#xF1;a </subfield>
    <subfield code="b">: Castilla. / </subfield>
    <subfield code="c">Xavier de Winthuysen.</subfield>
  </datafield>
  <datafield tag="260" ind1=" " ind2=" ">
    <subfield code="a">Aranjuez : </subfield>
    <subfield code="b">Doce Calles ; </subfield>
    <subfield code="a">Madrid : </subfield>
    <subfield code="b">Real Jard&#xED;n Bot&#xE1;nico,</subfield>
    <subfield code="c">D. L. 1990.</subfield>
  </datafield>
  <datafield tag="300" ind1=" " ind2=" ">
    <subfield code="a">2 v. (120, 131 p.) : </subfield>
    <subfield code="b">il., fot. ; </subfield>
    <subfield code="c">29 cm.</subfield>
  </datafield>
  <datafield tag="490" ind1="1" ind2=" ">
    <subfield code="a">Pardes. Colecci&#xF3;n de jardiner&#xED;a hist&#xF3;rica ; </subfield>
    <subfield code="v">1</subfield>
  </datafield>
  <datafield tag="505" ind1="8" ind2=" ">
    <subfield code="a">Contiene: v. 1 ; </subfield>
    <subfield code="t">Jardines cl&#xE1;sicos de Espa&#xF1;a / </subfield>
    <subfield code="r">Xavier de Winthuysen ; ed. facs. -  v. 2. -- </subfield>
    <subfield code="t">Notas sobre la vida y escritos de Xavier de Winthuysen / </subfield>
    <subfield code="r">Carmen A&#xF1;&#xF3;n, Jos&#xE9; Luis Sancho</subfield>
  </datafield>
  <datafield tag="534" ind1=" " ind2=" ">
    <subfield code="p">Reprod. facs. de la ed. de: </subfield>
    <subfield code="c">Madrid, 1930.</subfield>
  </datafield>
  <datafield tag="600" ind1="1" ind2="4">
    <subfield code="a">Winthuysen, Javier de.</subfield>
    <subfield code="9">151128</subfield>
  </datafield>
  <datafield tag="650" ind1=" " ind2="4">
    <subfield code="a">Jardines-</subfield>
    <subfield code="z">Espa&#xF1;a.</subfield>
    <subfield code="9">136319</subfield>
  </datafield>
  <datafield tag="650" ind1="1" ind2="4">
    <subfield code="a">Arquitectura del paisaje-</subfield>
    <subfield code="z">Espa&#xF1;a.</subfield>
    <subfield code="9">10016</subfield>
  </datafield>
  <datafield tag="700" ind1="1" ind2=" ">
    <subfield code="a">A&#xF1;&#xF3;n Feliu, Carmen.</subfield>
    <subfield code="9">125769</subfield>
  </datafield>
  <datafield tag="700" ind1="1" ind2=" ">
    <subfield code="a">Sancho, Jos&#xE9; Luis,</subfield>
    <subfield code="d">1962-</subfield>
    <subfield code="9">103027</subfield>
  </datafield>
  <datafield tag="710" ind1="2" ind2=" ">
    <subfield code="a">Real Jard&#xED;n Bot&#xE1;nico.</subfield>
    <subfield code="9">6359</subfield>
  </datafield>
  <datafield tag="830" ind1="0" ind2=" ">
    <subfield code="a">Pardes. Colecci&#xF3;n de jardiner&#xED;a hist&#xF3;rica ; </subfield>
    <subfield code="v">1</subfield>
    <subfield code="9">226617</subfield>
  </datafield>
  <datafield tag="852" ind1=" " ind2=" ">
    <subfield code="a">ES-MaACL</subfield>
    <subfield code="j">L-16145-46</subfield>
  </datafield>
  <datafield tag="999" ind1=" " ind2=" ">
    <subfield code="c">8837</subfield>
    <subfield code="d">8837</subfield>
  </datafield>
  <datafield tag="952" ind1=" " ind2=" ">
    <subfield code="0">0</subfield>
    <subfield code="1">0</subfield>
    <subfield code="4">0</subfield>
    <subfield code="7">0</subfield>
    <subfield code="a">ATENEOM</subfield>
    <subfield code="b">ATENEOM</subfield>
    <subfield code="c">DEPO2</subfield>
    <subfield code="d">2008-01-17</subfield>
    <subfield code="e">SC</subfield>
    <subfield code="l">0</subfield>
    <subfield code="o">L-16145-46</subfield>
    <subfield code="p">1009024</subfield>
    <subfield code="r">2023-02-23 00:00:00</subfield>
    <subfield code="w">2023-02-23</subfield>
    <subfield code="y">MONOGRAFIA</subfield>
  </datafield>
</record>
